Top 10 NBA Players By Position - Statistics

General Stats
  • This quiz has been taken 67 times
  • The average score is 43 of 50
Answer Stats
Rank POS Team Player % Correct
3 PG Los Angeles Clippers Chris Paul
100%
2 PG Oklahoma City Thunder Russell Westbrook
100%
1 PG Golden State Warriors Stephen Curry
100%
6 PG Washington Wizards John Wall
98%
5 PG Portland Trailblazers Damian Lillard
97%
1 SG Houston Rockets James Harden
97%
2 SG Golden State Warriors Klay Thompson
97%
4 PG Cleveland Cavaliers Kyrie Irving
97%
3 SG Toronto Raptors DeMar Derozan
95%
3 SF San Antonio Spurs Kawhi Leonard
95%
2 SF Golden State Warriors Kevin Durant
95%
7 PG Toronto Raptors Kyle Lowry
95%
1 SF Cleveland Cavaliers LeBron James
95%
2 PF Los Angeles Clippers Blake Griffin
93%
5 SF Chicago Bulls Jimmy Butler
93%
4 PF San Antonio Spurs LaMarcus Aldridge
93%
1 PF New Orleans Pelicans Anthony Davis
92%
6 SG Washington Wizards Bradley Beal
92%
8 SF New York Knicks Carmelo Anthony
92%
7 SG San Antonio Spurs Danny Green
92%
5 SG Phoenix Suns Devin Booker
92%
3 PF Golden State Warriors Draymond Green
92%
3 C Memphis Grizzlies Marc Gasol
92%
7 C San Antonio Spurs Pau Gasol
92%
4 SG Portland Trailblazers C.J McCollum
90%
1 C New Orleans Pelicans DeMarcus Cousins
90%
8 PF Dallas Mavericks Dirk Nowitzki
90%
4 C Los Angeles Clippers DeAndre Jordan
88%
6 SF Milwaukee Bucks Giannis Antetokounmpo
88%
5 PF Cleveland Cavaliers Kevin Love
88%
4 SF Indiana Pacers Paul George
88%
2 C Minnesota Timeberwolves Karl Anthony-Towns
86%
10 PG San Antonio Spurs Tony Parker
86%
9 C Brooklyn Nets Brook Lopez
85%
6 PF Atlanta Hawks Paul Millsap
85%
5 C Detroit Pistons Andre Drummond
83%
8 C Philadelphia 76ers Joel Embiid
83%
7 PF New York Knicks Kristaps Porzingis
83%
9 PF Toronto Raptors Serge Ibaka
83%
10 C Miami Heat Hassan Whiteside
81%
9 SF Minnesota Timberwolves Andrew Wiggins
80%
9 PG Los Angeles Lakers D'Angelo Russell
76%
7 SF Utah Jazz Gordon Hayward
76%
8 PG Phoenix Suns Eric Bledsoe
75%
10 PF Orlando Magic Aaron Gordon
71%
8 SG Chicago Bulls Dwyane Wade
68%
10 SF Dallas Mavericks Harrison Barnes
64%
6 C Atlanta Hawks Dwight Howard
63%
10 SG Oklahoma City Thunder Victor Oladipo
56%
9 SG Los Angeles Lakers Nick Young
41%
No matching quizzes found
Score Distribution
Percent of People with Each Score
Percentile by Number Answered
Your Score History
You have not taken this quiz